000 01919cad a22002295a 4500
999 _c121199
_d121199
001 K121199
008 180706s2019 xxk f 000 0 eng d
041 0 _aeng
110 2 _aUnited Kingdom
_bMinistry of Housing, Communities and Local Government
245 0 0 _aEnglish housing survey
_bheadline report 2018-2019
260 _aLondon
_bEHS
_c2020
520 _aPreliminary findings of the English Housing Survey (EHS) for 2018-19. The report is split into two sections. The first, on households, covers tenure (owner occupation and the social and private rented sectors) and the demographic and economic characteristics of the people who live in the three tenures. It then explores how affordability varies between tenures and how this has changed over time, buying expectations among renters, average rental costs in the private and social rented sectors and the extent to which private and social renters claim Housing Benefit to help meet the cost of their rent. Rates of overcrowding and under-occupation by tenure are then examined, followed by analysis of personal well-being and the extent to which this varies by tenure. The second section, on homes, provides an overview of the housing stock in England including: the age, size, and type of home; energy efficiency of the housing stock; decent homes; homes affected by damp and mould; and smoke alarms. Additional annex tables provide further detail to that covered in the main body of the report.
650 2 4 _aENGLISH HOUSING SURVEY
650 2 4 _aSOCIAL HOUSING
650 2 4 _aHOUSING STOCK
650 2 4 _aENERGY
_96237
650 2 4 _aPRIVATE SECTOR HOUSING
651 4 _aEngland
690 _aResidential property
_96266
856 4 0 _uhttps://assets.publishing.service.gov.uk/government/uploads/system/uploads/attachment_data/file/860076/2018-19_EHS_Headline_Report.pdf
_zView the item free of charge at assets.publishing.service.gov.uk
942 _n0